Legrační zvířátka pro kluky a děvčátka : [vytvářej obličeje zvířátek, skutečné i co nejlegračnější /

Hlavní autor: Nováková, Ivana, 1955-
Jazyk: Čeština
Vydáno: Čestlice : Rebo, 2014
Vydání: 5. vyd.
Edice: Rebo dětem
Témata:
Fyzický popis: [10] s. : vše barev. il. ; 25 cm + 36 magnetek
Knihy
Uloženo v:
LEADER 01476nam a2200409 a 4500
001 nkc20142585756
003 CZ PrNK
005 20141029133638.0
007 ta
008 140718s2014 xr a a 000 0 cze
015 |a cnb002585756 
020 |a 978-80-255-0842-8  |q (váz.) 
035 |a (OCoLC)886602954 
040 |a ABA001  |b cze 
072 7 |a 821-93  |x Literatura pro děti a mládež (beletrie)  |2 Konspekt  |9 26 
080 |a 821-93  |2 MRF 
080 |a (0.025.2)  |2 MRF 
100 1 |a Nováková, Ivana,  |d 1955-  |7 mzk2005294688  |4 aut 
245 1 0 |a Legrační zvířátka pro kluky a děvčátka :  |b [vytvářej obličeje zvířátek, skutečné i co nejlegračnější /  |c text Ivana Nováková] 
250 |a 5. vyd. 
260 |a Čestlice :  |b Rebo,  |c 2014 
300 |a [10] s. :  |b vše barev. il. ;  |c 25 cm +  |e 36 magnetek 
490 1 |a Rebo dětem 
500 |a Podle anglického vyd. 
500 |a Kartonové magnetické listy 
500 |a Magnetky uloženy v plastovém pouzdru na zadní desce obálky 
521 8 |a Nevhodné pro děti do 3 let 
655 7 |a publikace pro děti  |7 fd133156  |2 czenas 
655 7 |a leporela  |7 fd132727  |2 czenas 
655 9 |a children's literature  |2 eczenas 
655 9 |a folding picture-books  |2 eczenas 
830 0 |a Rebo dětem  |0 s 
910 2 |a BOA001  |b 2-1334.093 
990 |a BK 
995 |a 01 
991 |b 201410  |c NOV  |e db 
996 6 |b 2610608361  |c 2-1334.093  |l MZK  |r Sklad / do 1 hodiny  |n 1  |p p.v.  |w 001466012  |u 000010  |a 1  |e BOA001  |j MZK50  |s P